Central Library OPAC University of Rajshahi

Neutron physics : (Record no. 10175)

MARC details
000 -LEADER
fixed length control field 01298nam a22003371 4500
001 - CONTROL NUMBER
control field 10175
003 - CONTROL NUMBER IDENTIFIER
rucl marc code BD-RjUL
005 - DATE AND TIME OF LATEST TRANSACTION
control field 20211208234915.0
008 - FIXED-LENGTH DATA ELEMENTS--GENERAL INFORMATION
fixed length control field 140123s1962 nyua 101 0 eng d
035 ## - SYSTEM CONTROL NUMBER
System control number (BD-RjUL)10223
040 ## - CATALOGING SOURCE
Original cataloging agency DLC/ICU
Transcribing agency ICU
Modifying agency DLC
-- BD-RjUL
Language of cataloging eng
041 ## - LANGUAGE CODE
Language code of text/sound track or separate title eng
082 00 - DEWEY DECIMAL CLASSIFICATION NUMBER
Classification number 539.7213
Author mark and year NEU 1962
111 2# - MAIN ENTRY--MEETING NAME
Meeting name or jurisdiction name as entry element Neutron Physics Symposium
Date of meeting (1961 :
Location of meeting Rensselaer Polytechnic Institute)
9 (RLIN) 33537
245 10 - TITLE STATEMENT
Title Neutron physics :
Remainder of title proceedings of the symposium held at Rensselaer Polytechnic Institute, May 5-6, 1961.
Statement of responsibility, etc. Edited by M.L. Yeater.
260 ## - PUBLICATION, DISTRIBUTION, ETC. (IMPRINT)
Place of publication, distribution, etc. New York :
Name of publisher, distributor, etc. Academic Press,
Date of publication, distribution, etc. 1962.
300 ## - PHYSICAL DESCRIPTION
Pagination xiii, 303 p. :
Illustrations illus., diagrs., tables.
Size 24 cm.
490 1# - SERIES STATEMENT
Series statement Nuclear science and technology, a series of monographs and textbooks,
Volume/sequential designation v. 2
500 ## - GENERAL NOTE
General note Sponsored by Rensselaer Polytechnic Institute and the American Nuclear Society.
504 ## - BIBLIOGRAPHY, ETC. NOTE
Bibliography, etc Includes index.
650 #0 - SUBJECT ADDED ENTRY--TOPICAL TERM
Topical term or geographic name as entry element Neutrons
General subdivision Congresses.
9 (RLIN) 29074
Topical term or geographic name as entry element Nuclear reactors
General subdivision Congresses.
9 (RLIN) 31419
700 1# - ADDED ENTRY--PERSONAL NAME
Personal name Yeater, M. L.,
Relator term ed.
710 2# - ADDED ENTRY--CORPORATE NAME
Corporate name or jurisdiction name as entry element Rensselaer Polytechnic Institute.
9 (RLIN) 31422
Corporate name or jurisdiction name as entry element American Nuclear Society.
9 (RLIN) 31423
830 #0 - SERIES ADDED ENTRY--UNIFORM TITLE
Volume number/sequential designation v. 2.
830 #0 - SERIES ADDED ENTRY--UNIFORM TITLE
Uniform title Nuclear science and technology ;
942 ## - ADDED ENTRY ELEMENTS (KOHA)
Source of classification or shelving scheme Dewey Decimal Classification
Koha item type Books
Holdings
Lost status Source of classification or shelving scheme Damaged status Not for loan Collection code Permanent Location Current Location Shelving location Date acquired Source of acquisition Cost, normal purchase price Total Checkouts Full call number Date last seen Copy number Koha item type
  Dewey Decimal Classification   Not For Loan Non-fiction Central Library, University of Rajshahi Central Library, University of Rajshahi Reading Room 09/02/1970 Zeithlinger. 114.00   539.7213 NEU 1962 23/01/2014 C-1 Books
  Dewey Decimal Classification     Non-fiction Central Library, University of Rajshahi Central Library, University of Rajshahi   05/09/1969 Zeittinger 114.00   539.7213 NEU 1962 25/01/2014 C-2 Books